Normal view
MARC view
- NONLINEAR PREDICTIVE CONTROL
Entry Topical Term
001 - CONTROL NUMBER
- control field: 62865
003 - CONTROL NUMBER IDENTIFIER
- control field: NUST
005 - DATE AND TIME OF LATEST TRANSACTION
- control field: 20210628203019.0
008 - FIXED-LENGTH DATA ELEMENTS
- fixed length control field: 210628|| aca||aabn | a|a d
040 ## - CATALOGING SOURCE
- Original cataloging agency: NUST
- Transcribing agency: NUST
150 ## - HEADING--TOPICAL TERM
- Topical term or geographic name entry element: NONLINEAR PREDICTIVE CONTROL
670 ## - SOURCE DATA FOUND
- Source citation: Work cat.: (NUST): Kouvaritakis, Basil:Cannon, Mark 62864, Nonlinear predictive control;theory and practice, 2001
